[Event "Mechanics' Winter TNM; G/2 d5"]
[Site "San Francisco"]
[Date "2019.02.12"]
[Round "6.1"]
[White "Walder, Michael"]
[Black "Diaz, Conrado"]
[Result "0-1"]
[WhiteElo "1970"]
[BlackElo "2343"]
[Annotator "Winslow,Elliott"]
[PlyCount "114"]
[EventDate "2019.01.08"]
[EventType "swiss"]
[EventRounds "8"]
[EventCountry "USA"]

{[%evp 0,114,12,12,51,51,84,22,30,35,99,38,61,42,76,65,60,24,43,16,26,32,75,42,
69,28,34,68,52,-2,-8,29,29,-14,-6,29,39,39,30,30,8,-1,51,48,47,-9,0,-62,-65,
-67,-71,-57,-85,-89,-106,-102,-93,-103,-95,-83,-95,-109,-117,-131,-131,-131,
-127,-126,-127,-120,-123,-138,-129,-133,-129,-129,-129,-143,-150,-156,-163,
-178,-179,-191,-193,-167,-165,-165,-165,-165,-165,-165,-185,-165,-165,-185,
-165,-165,-179,-172,-165,-165,-165,-165,-165,-165,-165,-165,-165,-165,-165,
-165,-165,-165,-163,-165,-165]} 1. e4 c5 2. Nf3 e6 3. d4 cxd4 4. Nxd4 a6 5. Bd3
Nc6 6. Nxc6 bxc6 7. O-O d5 8. c4 Nf6 9. cxd5 cxd5 10. Nc3 Be7 11. exd5 exd5 12.
Re1 O-O 13. Be3 Be6 14. Na4 Bb4 15. Re2 d4 16. Bxd4 Bg4 17. Bxf6 Bxe2 18. Qxe2
Qxf6 19. Qe4 Rfd8 20. a3 Ba5 21. Qxh7+ Kf8 22. Rd1 g6 23. h4 Qg7 24. Qxg7+ Kxg7
25. b4 Rd4 26. Be2 Rxd1+ 27. Bxd1 Bd8 28. g3 Rc8 29. Be2 Rc1+ 30. Kg2 Ra1 31.
Nc5 a5 32. Nb7 Rxa3 33. bxa5 Bxa5 34. Nxa5 Rxa5 35. Bc4 Rc5 36. Ba2 Kf6 37. Bb3
Rc7 38. g4 Ke5 39. h5 gxh5 40. gxh5 Kf5 41. Bd1 Kg5 42. Kg3 Rc3+ 43. Kg2 Rd3
44. Be2 Rd2 45. Bc4 Rd7 46. Be2 Kf4 47. Bc4 Rc7 48. Bb3 Kg5 49. Bd1 f5 50. Be2
Rc6 51. Bf3 Rc7 52. Be2 Re7 53. Bf3 Rg7 54. Be2 Kf4+ 55. Kf1 Re7 56. Bd1 Rd7
57. Ba4 Rd6 {White ran out of time and lost the h-pawn, when it's still a
tablebase draw.} 0-1

[Event "Mechanics' Winter TNM; G/2 d5"]
[Site "San Francisco"]
[Date "2019.02.12"]
[Round "6.2"]
[White "Ivanov, Aleksandr"]
[Black "Tsodikova, Natalya"]
[Result "1/2-1/2"]
[WhiteElo "2171"]
[BlackElo "2185"]
[Annotator "Winslow,Elliott"]
[PlyCount "103"]
[EventDate "2019.01.08"]
[EventType "swiss"]
[EventRounds "8"]
[EventCountry "USA"]

{[%evp 0,81,19,31,31,-16,48,37,37,37,33,37,33,46,50,2,61,71,60,54,65,1,27,18,
13,11,8,9,93,93,125,77,77,99,97,97,105,103,103,93,72,64,67,67,67,34,23,23,23,
24,47,61,103,105,97,57,62,57,52,37,48,38,46,32,46,32,43,28,19,2,2,0,36,-8,-11,
-13,-17,-15,-33,-11,-5,-5,-6,-19]} 1. d4 Nf6 2. c4 g6 3. Nc3 Bg7 4. e4 d6 5.
Nf3 O-O 6. Be2 e5 7. Be3 {Boards 2, 3 and 4!} Nc6 $6 {Very popular, but it is
a sort of trap. Certainly a fraction of the Gligoric variation's popularity is
because of this move!} 8. d5 Ne7 9. Nd2 Nd7 10. b4 (10. f3 f5 11. b4) 10... a5
(10... f5 11. f3 f4 (11... fxe4 $5) 12. Bf2 {White doesn't "waste" a move on
0-0}) 11. a3 (11. bxa5 $5 c5 $5 (11... Rxa5 12. Nb3 Ra8 13. c5) 12. Nb3 f5 13.
f3 Kh8 14. Qd2 f4 15. Bf2 Ng8 16. Nb5 Ndf6 17. Qb2 Nh6 18. Rc1 Nf7 {0-1 (73)
Iasman,I (1949)-Msellek,I (1953) Gif sur Yvette 2010}) 11... f5 12. f3 f4 13.
Bf2 g5 14. c5 Nf6 15. Nc4 axb4 16. axb4 Rxa1 17. Qxa1 dxc5 $146 {[#]} 18. bxc5
Ng6 19. Qa5 g4 20. Nb5 c6 $146 (20... Nh5 21. Qxc7 Qg5 22. Nbd6 Nh4 23. Rg1 g3
24. hxg3 fxg3 25. Be3 Nf4 26. Kd2 Qf6 27. Bxf4 Qxf4+ 28. Kc2 Nxg2 29. Nxc8 Ne3+
30. Nxe3 Qxe3 31. Ne7+ Kh8 32. Rg2 Bh6 33. Nf5 Qc1+ 34. Kb3 Qb1+ 35. Kc3 Qc1+
36. Kd3 Qb1+ 37. Kc3 Qc1+ {1/2-1/2 (37) Neuman,P (2365)-Svatos,J (2355)
Czechia 1998}) 21. dxc6 bxc6 22. Qxd8 Rxd8 23. Nbd6 Be6 24. O-O gxf3 25. gxf3
Ne8 26. Rd1 Bf8 27. Kf1 Be7 28. Ke1 Kf8 29. Nb7 Rxd1+ 30. Kxd1 Bf6 31. Nca5 Bd7
32. Nc4 Nc7 33. Nb6 Ke7 34. Nxd7 Kxd7 35. Nd6 Ne6 36. Bf1 Be7 37. Nc4 Bxc5 38.
Bxc5 Nxc5 39. Bh3+ Kc7 40. Bf5 Nd7 41. Ke2 Ndf8 42. Bg4 Kd8 43. h4 Nxh4 44.
Nxe5 Kc7 45. Nd3 Nhg6 46. Bf5 Kd6 47. Kd2 Ne6 48. Kc3 Ne5 49. Bxh7 Nxf3 50. Bf5
Nfd4 51. Bg4 f3 52. Kd2 1/2-1/2

[Event "Mechanics' Winter TNM; G/2 d5"]
[Site "San Francisco"]
[Date "2019.02.12"]
[Round "6.3"]
[White "Yanofsky, Kevin"]
[Black "Gaffagan, Steven"]
[Result "0-1"]
[WhiteElo "1915"]
[BlackElo "2054"]
[Annotator "Winslow,Elliott"]
[PlyCount "90"]
[EventDate "2019.01.08"]
[EventType "swiss"]
[EventRounds "8"]
[EventCountry "USA"]

{[%evp 0,90,18,28,28,-18,31,35,37,38,37,43,35,22,43,26,87,38,93,72,78,77,78,47,
48,31,2,-17,10,-22,-29,-6,-28,-28,-18,-47,-52,-51,-53,-56,-32,-73,-55,-104,-25,
-30,5,-26,-3,-15,-3,19,19,13,44,14,22,20,155,163,152,42,0,0,129,155,68,153,341,
341,341,160,200,101,89,89,190,0,-114,-183,-183,-413,-452,-438,-438,-450,-123,
-441,-571,-598,-641,-641,-759]} 1. d4 Nf6 2. c4 g6 3. Nc3 Bg7 4. e4 d6 5. Nf3
O-O 6. Be2 e5 7. Be3 Na6 8. O-O Ng4 9. Bg5 f6 10. Bh4 Nh6 11. dxe5 dxe5 12.
Qd5+ Nf7 13. Rfd1 Qe7 14. Qd2 c6 15. a3 Nc5 16. Qc2 Bg4 17. Nd2 Bxe2 18. Nxe2
Ne6 19. Nf1 a5 20. a4 Rfd8 21. Qc3 c5 22. Ne3 Nd4 23. Kf1 h5 24. f3 Rd6 25. Nd5
Qd7 26. Qd3 Rf8 27. Bg3 g5 {[#]} 28. Nxd4 (28. h3 $16) (28. Bf2) 28... exd4 $4
(28... cxd4 29. Be1 $1 {with b2-b4 coming} Ra6 30. b4 $14) 29. Bxd6 Qxd6 30.
Qb3 $2 (30. Kg1 {is blunt and best;} {White can always, after} Ne5 31. Qb3) (
30. h3) 30... Qxh2 31. Qb6 $2 (31. Kf2 $11 g4 32. fxg4 Ng5 33. Ne7+ Kf7 34. Re1
Kxe7 35. Qxb7+ $11) 31... Ne5 32. Qxc5 $2 (32. Qe6+ Kh7 33. Qh3 $17) 32... Qh1+
$2 (32... f5 $1 $17 33. exf5 g4 34. f4 Qh1+ 35. Kf2 g3+ 36. Kxg3 h4+ 37. Kf2
Ng4+ 38. Kf3 Qh2 $19) 33. Kf2 Nd3+ $6 (33... Qh2 $16) 34. Rxd3 Qxa1 35. Qxd4 f5
36. e5 Re8 37. Re3 Qxa4 {[#]} 38. Nf6+ $4 (38. Nc7 $18 Rc8 39. Qd5+ Kh7 40. Qf7
) 38... Bxf6 39. exf6 $4 (39. b3 $1 $15 {at best}) 39... Qc2+ 40. Kg3 {The K+P
ending is lost, by the way} f4+ 41. Kh2 fxe3 42. Qd5+ Kf8 43. Qxg5 Qh7 44. Qc5+
Kg8 45. Qxa5 e2 {White's flag} 0-1

[Event "Mechanics' Winter TNM; G/2 d5"]
[Site "San Francisco"]
[Date "2019.02.12"]
[Round "6.4"]
[White "Wonsever, James"]
[Black "Griffith, Kyron Wa"]
[Result "0-1"]
[WhiteElo "1916"]
[BlackElo "2458"]
[Annotator "Winslow,Elliott"]
[PlyCount "112"]
[EventDate "2019.01.08"]
[EventType "swiss"]
[EventRounds "8"]
[EventCountry "USA"]

{[%evp 0,112,24,28,27,-11,37,37,37,30,43,43,39,39,32,30,57,50,72,69,64,55,53,
34,48,-12,-24,-38,-30,-31,-52,-70,-63,-103,-81,-81,-62,-67,-58,-58,-102,-93,
-73,-105,-105,-49,-28,-21,3,-29,21,-14,16,-33,19,3,3,-1,-1,0,0,-10,-32,-30,-31,
-23,-48,-44,-38,-68,-65,-90,0,-77,-36,0,0,-5,-23,-15,0,-10,-10,-10,6,-10,0,0,
76,28,28,0,18,0,28,0,9,0,4,-10,0,0,0,0,-23,-121,-121,-206,-195,-788,-197,-197,
-203,-29987,-29988]} 1. d4 Nf6 2. c4 g6 3. Nc3 Bg7 4. Nf3 O-O 5. e4 d6 6. Be2
e5 7. O-O {Invitation to the Mar Del Plata} Na6 {Glek} 8. Be3 {Back to the
Gligoric} (8. Re1 {has been played by every world champion since Fischer} c6 (
8... Qe8)) (8. Qc2 $5 Nb4 $5) 8... Qe7 $5 {Interestingly a way less popular
move, but the only one achieving a plus score in the Mega database...} (8...
Ng4) (8... c6) (8... Qe8) (8... h6) (8... exd4) 9. dxe5 (9. Bg5 $5 exd4 10. Nd5
(10. Nxd4 Qe5 11. Nf3 Qe8 12. Bd3 Nc5 13. Re1 h6 14. Bh4 g5 15. Bg3 Nh5 16. Bc2
Qd8 17. Nd4 Nxg3 18. hxg3 c6 19. Qd2 Qf6 20. Rad1 Rd8 21. Qe3 a5 22. f4 Bg4 23.
Rd2 Re8 24. Bd1 Bd7 25. Nf3 g4 26. Nh4 Rad8 27. Bc2 Bc8 28. e5 Qe7 29. Ne4 Nxe4
30. Qxe4 dxe5 31. Rf2 f5 32. Nxf5 Bxf5 33. Qxf5 e4 34. Rxe4 Qf6 35. Qh7+ Kf8
36. Re5 {1-0 (36) Kempinski,R (2520)-Markowski,T (2505) Pula 1998}) 10... Qd8
11. Nxd4 c6 (11... Nc5 12. f3 a5 13. Qd2 c6 14. Nxf6+ Bxf6 15. Bxf6 Qxf6 16.
Rad1 a4 17. Rfe1 Bd7 18. Bf1 Rad8 19. Ne2 Bc8 20. Nc3 Qe5 21. f4 Qf6 22. Qe3
Rfe8 23. e5 Qe7 24. Qf2 Qf8 25. exd6 Rxe1 26. Rxe1 b6 27. b4 axb3 28. axb3 Qxd6
29. b4 Nd7 30. c5 bxc5 31. Ne4 Qd4 32. bxc5 Nf8 33. g3 Ne6 34. Qxd4 Rxd4 35.
Bg2 Ba6 36. Bh3 Bc4 37. f5 gxf5 38. Bxf5 Kg7 39. g4 Bd5 40. Ng3 Nf4 41. Kf2 Rc4
42. Re8 Rxc5 43. Ke3 Rc4 44. g5 h6 45. gxh6+ Kxh6 46. Rg8 Be6 47. Kf3 Ng6 48.
Rxg6+ fxg6 49. Bxe6 Rc2 50. h3 Kg5 51. Ne4+ Kh4 52. Kf4 g5+ 53. Nxg5 Rf2+ 54.
Nf3+ Rxf3+ 55. Kxf3 Kg5 56. Ke4 Kf6 57. Bc4 c5 58. h4 {1/2-1/2 (58) Ragger,M 
(2695)-Bekker Jensen,S (2438) Germany 2016}) 12. Nxf6+ Bxf6 13. Bxf6 Qxf6 14.
Qd2 Nc5 15. f3 $14) 9... dxe5 10. h3 $6 (10. Nd5 Qd8 11. Qc2 $5 {1-0 33, M.
Gurevic-Markowski, Polanica Zdroj 1999}) 10... c6 11. a3 Nc5 (11... Nh5 $5 {
Pavlidou-Jobava,}) 12. Nd2 $6 $146 (12. Qc2 {is over a dozen games, with it
around 50%}) 12... Rd8 13. Qc2 Ne6 14. Rad1 Nd4 15. Qb1 Be6 16. b4 a5 17. Qb2
Rd7 18. c5 axb4 19. axb4 Nxe2+ 20. Nxe2 Ra2 21. Qb1 Qd8 22. Qc1 Nh5 23. Nc3 Ra8
24. Nf3 Nf4 25. Rxd7 Qxd7 26. Rd1 Qe7 27. Bxf4 exf4 28. e5 g5 29. Ne4 h6 30.
Nd6 Bd5 31. Nf5 Qe6 32. Nxg7 Kxg7 33. Qc3 Re8 34. Re1 Bxf3 35. Qxf3 Qf5 36. b5
Re6 37. bxc6 bxc6 38. Qc3 {(Black has some little pull, but White should be
able to hold} Kg6 39. Kf1 h5 40. f3 Re8 41. Qd4 Re6 42. Kf2 Qc2+ 43. Re2 Qb1
44. Qd8 Qf5 45. Qd4 Re8 46. Qd6+ Qe6 47. Kf1 Ra8 48. Kf2 Kg7 49. Qd4 h4 50. Qd6
Ra7 51. Qd8 Re7 {[#]} 52. Qd6 $4 (52. Re4 $11) 52... Rd7 $19 53. Qb8 Qc4 54.
Qb6 Qd4+ (54... Rd1 {#7}) 55. Kf1 Qc4 56. Kf2 (56. Qb1 Rd2 57. Qe1 Rc2) 56...
Rd1 0-1

[Event "Mechanics' Winter TNM; G/2 d5"]
[Site "San Francisco"]
[Date "2019.02.12"]
[Round "6.5"]
[White "Winslow, Elliott"]
[Black "Anderson, Michael"]
[Result "1-0"]
[WhiteElo "2318"]
[BlackElo "1903"]
[Annotator "Winslow,Elliott"]
[PlyCount "41"]
[EventDate "2019.01.08"]
[EventType "swiss"]
[EventRounds "8"]
[EventCountry "USA"]

{[%evp 0,41,21,13,46,51,69,37,40,22,21,51,34,35,66,-3,45,6,45,29,74,5,26,-20,7,
23,54,-37,6,-37,181,-305,-260,-257,-257,-214,-172,-298,-259,-225,-106,-106,0,
72]} 1. e4 c5 2. Nf3 e6 3. d4 cxd4 4. Nxd4 Nf6 5. Nc3 Bb4 {The "Pin" Variation}
6. e5 {General consensus is that it's either this or no advantage} Nd5 7. Qg4 (
7. Bd2 Nxc3 (7... Bxc3 8. bxc3 Qc7 9. f4 (9. Qh5) (9. Qe2)) 8. bxc3 Be7 9. Qg4
O-O (9... g6) (9... Kf8)) 7... g6 (7... O-O {"The critical reply, challenging
White to prove an advantage, rather than just handing it to him." (Negi)} 8.
Bh6 g6 9. a3) 8. Ndb5 $6 {Doubtful, but now he thought for over an hour!} (8.
Qg3 Qa5 9. Bd2 Nxc3 10. bxc3 Be7 {Seirawan}) (8. Bd2 $1 {"the weakening of the
kingside helps White." (Negi)} O-O (8... Nc6 $5 {(very few games, none strong)}
9. Nxc6 bxc6 10. a3 Be7 (10... f5 11. Qg3) 11. h4 h5 12. Qg3 $16 {SF10})) 8...
Qa5 (8... Nc6 9. Qg3 (9. Bd2 O-O 10. Qg3 (10. f4 a6 11. Nd6 Bxd6 12. exd6 Qb6
13. O-O-O Ncb4 14. Kb1 Qxd6 15. h4 Nxc3+ 16. Bxc3 Nd5 17. Be5 Qe7 18. Qf3 d6
19. Bd4 h5 20. f5 Nf6 21. fxg6 fxg6 22. Qg3 Ng4 23. Bd3 e5 24. Bc3 Bf5 25. Bb4
Rad8 26. Rhf1 Kf7 27. Bxf5 gxf5 28. Qd3 Qe6 29. c4 e4 30. Qg3 Qxc4 31. Bxd6 e3
32. Rf4 e2 33. Re1 Qd5 {0-1 (33) Dubograev,D (2192)-Khodeev,M (1928) Dagomys
2004}) 10... f6 (10... a6 11. Nd6 Qa5 12. Nc4 Qc7 13. Bd3 b5 14. Nd6 f5 15. h4
Nxe5 16. Nxd5 Bxd2+ 17. Kxd2 Qxd6 18. Nf4 Nxd3 19. cxd3 e5 20. Nh3 Qb4+ 21. Kc2
Qc5+ 22. Kd2 f4 23. Qg5 Qb4+ 24. Kc2 Bb7 25. h5 Rac8+ 26. Kb1 Qd2 27. a4 Qc2+ {
0-1 (27) Sramek,O (1659)-Maroszczyk,W (1945) Orlova 2013}) 11. O-O-O Bxc3 12.
Bxc3 Nxc3 13. Qxc3 fxe5 14. Nd6 Rxf2 15. Bd3 Qb6 16. Kb1 Qb4 17. Qxb4 Nxb4 18.
Be4 Na6 19. Rhe1 Nc5 20. b4 Nxe4 21. Rxe4 Rxg2 22. Rc4 {1/2-1/2 (22) Matsenko,
S (2429)-Chuprov,D (2571) Khanty-Mansiysk 2009}) 9... O-O (9... Nxc3 10. bxc3
Be7 11. Bh6 (11. Nd6+ Bxd6 12. exd6 Qf6 13. Be2 e5 14. Qd3 O-O 15. O-O Qe6 16.
Bf3 b6 17. Bd5 Qf5 18. Be4 Qe6 19. f4 exf4 20. Bd5 Qf6 21. Bxf4 Qg7 22. Qd2 Ba6
23. Bh6 Qe5 24. Rfe1 Qf6 25. Bxf8 Rxf8 26. Bxc6 dxc6 27. d7 Rd8 28. Re8+ Kg7
29. Rxd8 Qxd8 30. Qd4+ {1-0 (30) Alboredo,J (2072)-Bonfim,R (1764) Icara 2017})
11... Qa5 12. Qe3 (12. Bg7 Rg8 13. Bf6 a6 14. Bxe7 Kxe7 15. Qh4+ g5 16. Qxh7
axb5 17. O-O-O Rf8 18. Qg7 Qxc3 {0-1 (18) Tenk,Z (2021)-Lorincz,S (2159)
Hungary 2012}) 12... f5 13. Be2 Kf7 14. O-O b6 15. Rfd1 a6 16. Nd6+ Bxd6 17.
exd6 Rb8 18. Bf4 Bb7 19. Bf3 Nd8 20. Be5 Rf8 21. Re1 Bxf3 22. Qh6 Nc6 23. Qxh7+
Ke8 24. Bg7 Bh5 25. Bxf8 Kxf8 26. Qxd7 Qd5 27. Rxe6 Rd8 28. Rf6+ Kg8 29. Qc7
Qe5 30. Rf7 g5 31. Rd7 Re8 32. Rf1 Qxc3 33. Rh7 Bg6 34. Rh6 Qg7 35. Rxg6 Qxg6
36. Qxc6 Qe6 37. Qxb6 {1-0 (37) Dadello,A (2068)-Gazikova,V (2263) Ustron 2015}
) (9... a6 10. Nd6+ Bxd6 11. exd6 Qa5 12. Bd2 Ndb4 13. Bd3 Qe5+ 14. Qxe5 Nxe5
15. Ke2 Nbxd3 16. cxd3 b5 17. Ne4 f5 18. Bc3 fxe4 19. Bxe5 exd3+ 20. Kxd3 Rf8
21. f3 Bb7 22. Rac1 Rf5 23. Kd4 Bc6 24. Rhe1 O-O-O 25. Kc5 Kb7 26. Kb4 g5 27.
h3 h5 28. b3 a5+ 29. Kc5 g4 30. hxg4 hxg4 31. fxg4 Rg5 32. Re2 Rc8 33. Kd4
Rxg4+ 34. Kd3 b4 35. Kd2 Rxg2 36. Rxg2 Bxg2 37. Rc7+ Rxc7 38. dxc7 Be4 39. Ke3
Bb1 40. Kd4 Bxa2 41. Kc5 Bxb3 42. Kd6 Kc8 43. Kc5 Bc2 44. Kb5 b3 45. Kxa5 b2
46. Bxb2 Kxc7 47. Kb5 Bd3+ 48. Kc5 d6+ 49. Kd4 Bf5 50. Ba3 Kc6 51. Bb2 e5+ 52.
Ke3 Kd5 53. Ba3 Ke6 54. Bb2 d5 55. Bc3 Bg6 56. Bb2 Kf5 57. Bc3 {1/2-1/2 (57)
Hansen,H (1645)-Daubenfeld,G (1745) Luxembourg 1998}) 10. a3 Qa5 11. Bd2 a6 12.
Rc1 Bxc3 13. Nxc3 Qc7 14. Bh6 Rd8 15. Bg5 Rf8 16. f4 f6 17. Nxd5 Qa5+ 18. b4
Qxd5 19. Bxf6 Qe4+ 20. Kd1 d6 21. Bd3 Qd4 22. h4 dxe5 23. fxe5 Rxf6 24. exf6 e5
25. h5 Bg4+ 26. Ke1 e4 27. f7+ Kf8 28. Be2 e3 29. Rd1 Qc3+ 30. Kf1 Bxe2+ 31.
Kxe2 Nd4+ 32. Rxd4 Qxd4 33. Rd1 Qe4 34. Rd3 Rc8 35. Qd6+ Kg7 36. h6+ Kxf7 37.
Qd7+ Kf6 38. Qxc8 Qxg2+ 39. Kxe3 Qh3+ 40. Qxh3 {1-0 (40) Sukandar,I (2396)-Lee,
Q (2339) Singapore 2018}) (8... a6 $5 9. Nd6+ Bxd6 10. exd6 Nxc3 11. Qd4 f6 12.
Qxc3 Nc6 (12... b5 13. h4 Nc6 14. h5 Kf7 15. Bd2 Bb7 16. O-O-O Rc8 17. Qg3 Nd4
18. Bc3 Nf5 19. Qf4 g5 20. Qd2 Bd5 21. f4 Nxd6 22. Bd3 g4 23. Qe2 Qe7 24. h6
Rxc3 25. bxc3 f5 26. Qe5 Rg8 27. Rh5 Be4 28. g3 Bxd3 29. Rxd3 Nc4 30. Qd4 d5
31. Rg5 Rxg5 32. fxg5 Qxg5+ 33. Qf4 Qxf4+ 34. gxf4 Kg6 35. Rd1 Kxh6 36. Re1 Kh5
37. Rxe6 g3 38. Kd1 g2 39. Re1 Ne3+ 40. Ke2 Nxc2 41. Rg1 Kg4 42. Rxg2+ Kxf4 43.
Rh2 Na3 44. Rxh7 Nc4 45. Kd3 Ke5 46. Re7+ Kd6 47. Ra7 a5 48. Kd4 Ne5 49. Ke3 a4
50. Ra6+ Kc5 51. Re6 Nc4+ 52. Kf4 Nd6 53. Ke3 Ne4 54. Kd3 f4 55. Re8 f3 56. Rf8
f2 57. a3 Kd6 58. Kd4 Ke6 59. Rf3 Kd6 60. Rf4 Nc5 61. Rf6+ Ne6+ 62. Ke3 Kc5 63.
Kd3 Nd8 64. Rxf2 Nc6 65. Rf5 Na5 66. Rf1 Nc4 67. Ra1 Ne5+ 68. Kc2 Kc4 69. Rh1
Kc5 70. Rb1 Nc4 71. Ra1 Na5 72. Kd3 Nc6 73. Rh1 Ne5+ 74. Kc2 Nc4 {1/2-1/2 (74)
Rutka,Z-Hurt,M Zlin 1958}) 13. a4 (13. Bh6 Kf7 14. O-O-O Qa5 15. Qb3 b5 16. Be2
Bb7 17. Bf3 Rhc8 18. Kb1 Qd8 19. h4 Na5 20. Qd3 Bxf3 21. gxf3 Rc5 22. h5 Rd5
23. hxg6+ hxg6 24. Qe2 Rxd1+ 25. Qxd1 Nc4 26. Bc1 Kg7 27. b3 Ne5 28. Bb2 Nf7
29. f4 Qb6 30. Qf3 Rc8 31. Qg3 Qc6 32. Qh4 Qxc2+ 33. Ka1 Qf5 34. Qh7+ Kf8 35.
Rg1 Qh5 36. Qxg6 Qxg6 37. Rxg6 Nxd6 38. Rxf6+ Ke7 39. Rh6 Nf7 40. Ba3+ d6 41.
Rh7 Rc6 42. Bb4 Kf6 43. Kb2 Kg6 44. Rh1 Kf5 45. Rh7 Kg6 46. Rh1 Nh6 47. Bd2 Nf5
48. Rg1+ Kf6 49. Bc3+ Kf7 50. Rh1 d5 51. Be5 Kg6 52. Rg1+ Kf7 53. Rh1 Kg6 54.
Rg1+ {1/2-1/2 (54) Illijin,N (2187)-Machin Arbelo,P (2019) Las Palmas 2011})
13... Rb8 14. Be3 b6 15. h4 Kf7 16. h5 a5 17. O-O-O Bb7 18. hxg6+ hxg6 19. Rxh8
Qxh8 20. Bxb6 Ba8 21. Qe3 Qh4 22. Bb5 Kg7 23. g3 Qh2 24. Bc7 Rh8 25. Bxa5 Nxa5
26. Qa7 Nb7 27. Bxd7 Qg2 28. Bxe6 Rh1 29. Bg4 Rh8 30. Qe3 Rh1 31. Qe7+ Kh6 32.
Qxf6 Rxd1+ 33. Bxd1 {1-0 (33) Portela Peleteiro,A (2340)-Gonzalez Gonzalez,A 
(2157) Sanxenxo 2016}) 9. Bd2 O-O {[#]} (9... Nxc3 10. Nd6+ (10. Bxc3 Bxc3+ 11.
Nxc3 Qxe5+ 12. Be2 O-O 13. O-O d5 14. Rfe1 Qd6 15. Rad1 Nc6 16. Qg5 Kg7 17. Bb5
Qb4 18. Bxc6 bxc6 19. Rd3 Qxb2 20. Rh3 Rh8 21. Rf3 Rf8 22. Rh3 Rh8 23. Rf3 Rf8
24. Qf6+ Kg8 25. Nxd5 Qxf6 26. Nxf6+ Kg7 27. Rd1 Rb8 28. h3 Rb2 29. Ne4 Rxa2
30. Rc3 Bb7 31. Nc5 Ba8 32. Rd7 a5 33. Nxe6+ Kg8 34. Nxf8 a4 35. Ra7 Kxf8 36.
Rxa8+ Kg7 37. Kf1 a3 {1-0 (37) Geczi,M-Gaevaia,N Herculane 1994}) 10... Bxd6
11. Bxc3 Bb4 12. Qxb4 Qxb4 13. Bxb4 Nc6 14. Bd6 Nd4 15. O-O-O Nf5 16. Bb4 a6
17. g4 Nh4 18. Bd3 b5 19. Be4 Ra7 20. Bc5 Rc7 21. Bd6 Rc4 22. Rhe1 g5 23. Re3
Ra4 24. b3 Rxe4 25. Rxe4 Bb7 26. Re3 Ng2 27. Rc3 Bc6 28. a4 Nf4 29. Kb2 Nd5 30.
Rh3 f6 31. axb5 axb5 32. c4 bxc4 33. bxc4 Nf4 34. Rh6 Ng6 35. exf6 Kf7 36. Re1
Kxf6 37. Be5+ {1-0 (37) Valldeoriola Puigdoller,A-Nicomedes Carmona,J (1904)
Santa Eulalia de Roncana 2008}) (9... a6 10. Nd6+ Bxd6 11. exd6 Nc6 12. Bc4
Ndb4 13. O-O-O Ne5 14. Qh4 Qd8 15. Bg5 Qb6 16. Be3 Qd8 17. Qxd8+ Kxd8 18. Bg5+
Ke8 19. Bf6 Nxc4 20. Bxh8 Nb6 21. a3 N4d5 22. Ne4 f5 23. Nc5 Nc4 24. b3 Na5 25.
c4 b6 26. Nd3 Bb7 27. cxd5 Bxd5 28. Nb4 Rc8+ 29. Kb2 {1-0 (29) Suter,C-Roelli,
S Leukerbad 2001}) 10. Rd1 $146 (10. Bc4 Nxc3 11. bxc3 Be7 12. Qe2 Nc6 13. f4
a6 14. Nd6 Bxd6 15. exd6 Qc5 16. Qd3 b5 17. Bb3 Na5 18. Be3 Qc6 19. O-O Bb7 20.
Rf3 Rac8 21. Bf2 Nc4 22. Bh4 Qxd6 23. Bxc4 Qc6 24. Rf2 Qxc4 25. Qxd7 Qxc3 26.
Rd1 Be4 27. Qe7 Rfe8 28. Qg5 Bxc2 29. Rd7 Be4 30. h3 Qa1+ 31. Kh2 Rc1 32. Rfd2
Rh1+ 33. Kg3 Qe1+ 34. Rf2 Qe3+ 35. Rf3 Bxf3 36. Rxf7 Be2# {0-1 (36) Fialka,
M-Hlavacek,J (2130) Czechia 1997}) 10... Nc6 $6 (10... Nxc3 11. bxc3 Be7 12. c4
Bb4 13. Bxb4 Qxb4+ 14. c3) 11. a3 $18 {(SF10)} Bxc3 12. bxc3 (12. Nxc3 $16)
12... f5 $6 13. Qh4 $6 Nxe5 (13... Qd8 14. Qxd8 Rxd8 15. Bg5 Rf8 16. c4 Nb6 17.
f4) 14. c4 {I thought I had blundered;} (14. f4 Qa4 {and I can't play c4 either
}) 14... Qa4 15. f4 $4 (15. Bh6 $1 Nf7 16. Bxf8 Kxf8 17. Be2 $18) (15. Qd4 Nc6
16. Qb2 Nf6 17. Be2 $16) 15... Nxc4 $19 {except for his time running out...}
16. Nc3 Nxc3 17. Bxc3 Qxc2 (17... Qxa3 $1) 18. Bd4 $17 Qe4+ 19. Kf2 d5 $4 (
19... Na5) (19... b5 $17) 20. Bxc4 $11 e5 $4 (20... dxc4 21. Rhe1 (21. Be5) (
21. Qe7) (21. Bc5 {all 0.00})) 21. Rhe1 {[#] Black's flag} (21. Bb3 $1 exd4 22.
Rhe1 {simple}) (21. Rhe1 {He intended} Qc2+ {to which I was going to play} 22.
Kg1 {, which SF10 gives as +- +6}) 1-0

[Event "Mechanics' Winter TNM; G/2 d5"]
[Site "San Francisco"]
[Date "2019.02.12"]
[Round "6.6"]
[White "Corper, Adam"]
[Black "McKellar, Daniel"]
[Result "1-0"]
[WhiteElo "2193"]
[BlackElo "1872"]
[Annotator "Winslow,Elliott"]
[PlyCount "89"]
[EventDate "2019.01.08"]
[EventType "swiss"]
[EventRounds "8"]
[EventCountry "USA"]

1. e4 c5 2. Nf3 g6 3. d4 cxd4 4. Qxd4 Nf6 5. Nc3 Nc6 6. Qa4 d6 7. Bg5 Bg7 8.
O-O-O Bd7 9. Nd5 Nxd5 10. exd5 Nd4 11. Qa3 Nxf3 12. gxf3 h6 13. Be3 Qc7 14. h4
Rc8 15. Bd3 O-O 16. h5 g5 17. f4 gxf4 18. Bxf4 Qc5 19. Qb3 Qxf2 20. Rdf1 Qb6
21. Qxb6 axb6 22. Be3 b5 23. Rhg1 Kh8 24. Rf4 Ra8 25. a3 Ra4 26. Rgf1 f5 27. c3
b4 $4 $18 (27... Rxf4 28. Rxf4 Be5 29. Rb4 f4 $15) 28. cxb4 Rc8+ 29. Kb1 Rf8
30. Bxf5 Bb5 31. R1f2 Be5 32. R4f3 Rxf5 33. Rxf5 Bd3+ 34. Kc1 Bxf5 35. Rxf5 Kg7
36. Kc2 Ra8 37. Kb3 Re8 38. a4 e6 39. dxe6 Rxe6 40. Bd2 Kh7 41. Rf7+ Kg8 42.
Rxb7 Bf4 43. Bc3 Re3 44. a5 Rh3 45. a6 1-0

[Event "Mechanics' Winter TNM; G/2 d5"]
[Site "San Francisco"]
[Date "2019.02.12"]
[Round "6.7"]
[White "Askin, David Benjamin"]
[Black "Pane, Gianluca"]
[Result "1/2-1/2"]
[WhiteElo "2019"]
[BlackElo "1863"]
[PlyCount "91"]
[EventDate "2019.01.08"]
[EventType "swiss"]
[EventRounds "8"]
[EventCountry "USA"]

1. d4 d5 2. Nf3 Nf6 3. c4 c6 4. Nc3 dxc4 5. a4 Bf5 6. e3 e6 7. Bxc4 Bb4 8. O-O
Nbd7 9. Qe2 O-O 10. e4 Bg6 11. Bd3 Qc7 12. e5 Nd5 13. Bxg6 hxg6 14. Ne4 c5 15.
Bd2 cxd4 16. Bxb4 Nxb4 17. Rfc1 Nc6 18. Nd6 Rad8 19. Nc4 Nb6 20. Qe4 Nxc4 21.
Rxc4 Rd5 22. b4 Qb8 23. Re1 d3 24. Rc5 Rfd8 25. Rd1 Rxc5 26. bxc5 Rd5 27. Rxd3
Rxd3 28. Qxd3 Nxe5 29. Nxe5 Qxe5 30. Qd8+ Kh7 31. Qh4+ Qh5 32. Qd4 Qg5 33. g3
Qe7 34. Qd6 Qe8 35. Qc7 Qc6 36. Qxf7 Qxc5 37. Qxb7 a5 38. h4 Qb4 39. Qc6 e5 40.
Kg2 e4 41. Qe8 Qd4 42. Kg1 Qd1+ 43. Kg2 Qf3+ 44. Kg1 Qd1+ 45. Kh2 Qf3 46. Kg1
1/2-1/2

[Event "Mechanics' Winter TNM; G/2 d5"]
[Site "San Francisco"]
[Date "2019.02.12"]
[Round "6.8"]
[White "Kuczek, Kevin W"]
[Black "Jensen, Christian"]
[Result "1-0"]
[WhiteElo "2003"]
[BlackElo "1857"]
[PlyCount "47"]
[EventDate "2019.01.08"]
[EventType "swiss"]
[EventRounds "8"]
[EventCountry "USA"]

1. e4 c5 2. Nc3 Nc6 3. f4 g6 4. Nf3 Bg7 5. Bb5 e6 6. Bxc6 dxc6 7. d3 Ne7 8. O-O
O-O 9. Qe1 b6 10. b3 Bb7 11. Bb2 Qc7 12. Qh4 Rad8 13. Nd1 Bxb2 14. Nxb2 f6 15.
Nc4 b5 16. Ne3 Kg7 17. e5 Nf5 18. Nxf5+ exf5 19. Rfe1 Bc8 20. Re2 h6 21. Rae1
Rd7 22. exf6+ Rxf6 23. Ne5 Rd4 24. Ng4 1-0